| 000 | 00613nam a22001697a 4500 | ||
|---|---|---|---|
| 008 | 230405b |||||||| |||| 00| 0 eng d | ||
| 020 | _a0-19-5667638 | ||
| 040 |
_aNational Science Library _cNational Science Library |
||
| 080 |
_a330.34(047.7) _bP3 |
||
| 245 |
_aMillennium development goals: a compact among nations to end human poverty _c/ United Nations Development Programme |
||
| 260 |
_aNew York: _bUnited Nations Development Programme, _c2003 |
||
| 300 | _axv,367p. | ||
| 490 |
_aHuman development report _v2003 |
||
| 650 | _aEconomics | ||
| 653 | _aHuman development indicators | ||
| 942 |
_2udc _cREP |
||
| 999 |
_c18680 _d18680 |
||